Central Library OPAC University of Rajshahi

Public control of economic enterprise / (Record no. 1858)

MARC details
000 -LEADER
fixed length control field 00757cam a22002531 4500
001 - CONTROL NUMBER
control field 1858
003 - CONTROL NUMBER IDENTIFIER
rucl marc code BD-RjUL
005 - DATE AND TIME OF LATEST TRANSACTION
control field 20211208233428.0
008 - FIXED-LENGTH DATA ELEMENTS--GENERAL INFORMATION
fixed length control field 131209s1956 xx 000 0 eng
035 ## - SYSTEM CONTROL NUMBER
System control number (BD-RjUL)1885
System control number (OCoLC)371462
040 ## - CATALOGING SOURCE
Original cataloging agency DLC
Transcribing agency OClU
Modifying agency Uk
-- DLC
Language of cataloging eng
041 ## - LANGUAGE CODE
Language code of text/sound track or separate title eng
082 ## - DEWEY DECIMAL CLASSIFICATION NUMBER
Edition number 20
Classification number 338.09728
Author mark and year KOP 1956
100 1# - MAIN ENTRY--PERSONAL NAME
Personal name Koontz, Harold,
Dates associated with a name 1908-
9 (RLIN) 6146
245 10 - TITLE STATEMENT
Title Public control of economic enterprise /
Statement of responsibility, etc. [by] Harold Koontz [and] Richard W. Gable.
260 ## - PUBLICATION, DISTRIBUTION, ETC. (IMPRINT)
Place of publication, distribution, etc. New York,
Name of publisher, distributor, etc. McGraw-Hill,
Date of publication, distribution, etc. c1956.
300 ## - PHYSICAL DESCRIPTION
Pagination 851p.
Illustrations illus.
Size 24cm.
650 #0 - SUBJECT ADDED ENTRY--TOPICAL TERM
Topical term or geographic name as entry element Industrial policy
Geographic subdivision United States.
9 (RLIN) 6147
700 1# - ADDED ENTRY--PERSONAL NAME
Personal name Gable, Richard W.,
Relator term joint author
942 ## - ADDED ENTRY ELEMENTS (KOHA)
Source of classification or shelving scheme Dewey Decimal Classification
Koha item type Books
Holdings
Lost status Source of classification or shelving scheme Damaged status Not for loan Collection code Permanent Location Current Location Shelving location Date acquired Source of acquisition Cost, normal purchase price Total Checkouts Full call number Date last seen Copy number Koha item type
  Dewey Decimal Classification     Non-fiction Central Library, University of Rajshahi Central Library, University of Rajshahi   22/07/1959 Mcgrow hill 6.30   338.09728 KOP 1956 09/12/2013 C-2 Books
  Dewey Decimal Classification     Non-fiction Central Library, University of Rajshahi Central Library, University of Rajshahi   18/10/1962 Sweets and Zeitlinger. 60.00   338.09728 KOP 1956 10/12/2013 C-5 Books
  Dewey Decimal Classification     Non-fiction Central Library, University of Rajshahi Central Library, University of Rajshahi   04/04/1962 Lahore Mage Book agency 38.75   338.09728 KOP 1956 10/12/2013 C-4 Books
  Dewey Decimal Classification   Not For Loan Non-fiction Central Library, University of Rajshahi Central Library, University of Rajshahi Reading Room 17/12/1957 PAK-American-com 35.00   338.09728 KOP 1956 15/12/2013 C-1 Books
  Dewey Decimal Classification     Non-fiction Central Library, University of Rajshahi Central Library, University of Rajshahi   04/04/1962 Lahore Mage Book agency 38.75   338.09728 KOP 1956 13/06/2016 C-6 Books